Responses for show #1115 - Friday, June 9, 1989

Contestants

Julie Harris Neiger, a teacher from San Diego, California

Jim Tigrak, an aerospace engineer originally from Champaign, Illinois

David McCutchen, an inventor and filmmaker originally from Santa Barbara, California (whose 1-day cash winnings total $8,201)

[next game >>]

Jeopardy! Round responses

1970
POP MUSIC
RELIGION
ALASKA
TRIVIA
CELEBRITY SPELLING
    $100 6
cigarettes

Julie
    $100 8
Kool

David
    $100 1
1,000

Jim
    $100 2
state flower

Jim
    $100 4
Ken

Jim
    $100 10
G-R-E-Y

Jim
    $200 7
(Julie: What is the maxi?)

midi

JimJulie
    $200 15
Paul Simon

Jim
    $200 9
Hare Hare

David
    $200 3
Russia

Jim
    $200 22
(Julie: Who are thieves?)

pirates

JimJulie
    $200 13
(Jim: What is B-A-T-T-Y?)

B-E-A-T-T-Y

DavidJim
    $300 19
Cesar Chavez

David
    $300 16
"Proud Mary"

Jim
    $300 5
totem poles

Julie
    $300 23
area code

Jim
    $300 14
Jaclyn

Jim
    $400 20
Earth Day

Julie
    $1,400 17
(1 of) Willie Nelson (or Diana Ross)

Jim
    $400 11
Kodiak

David
    $400 24
[Contestant & audience laughter]
(Alex: Be careful about your response.)

had a baby (given birth)

Triple Stumper
    $400 26
[End of round signals.]

(1 of) T-R-A-V-E-R-S (or Y-A-R-R-O-W & S-T-O-O-K-E-Y)

Julie
    $500 21
(Alex: We've got a minute to go.)

Angela Davis

Julie
    $500 18
Men at Work

Jim
    $500 12
fur

David
    $500 25
step children

Julie

Scores at the first commercial break (after clue 14):

David Jim Julie
$1,400 $900 $200

Scores at the end of the Jeopardy! Round:

David Jim Julie
$1,700 $3,800 $1,800

Double Jeopardy! Round responses

WORLD LITERATURE
KINGS
COUNTIES
THE HUMAN BODY
"LAST"
RESORTS
    $200 11
The War of the Worlds

David
    $200 6
lion

Jim
    $200 16
Michigan

Julie
    $200 1
Rh

David
    $200 19
last rite

Julie
    $200 21
Monte Carlo

Julie
    $400 12
Hemingway

Julie
    $400 7
Jesus

Jim
    $400 17
Wessex

David
    $400 2
arm

Jim
    $400 20
(Jim: What is The Last Tango? [*]? Excuse me. Thank you.)

Last Tango in Paris

Jim
    $600 13
Dylan Thomas

Julie
    $600 8
Benny Goodman

David
    $600 18
(Julie: Who is William Penn?)

(Benjamin) Franklin

DavidJulie
    $600 3
(Jim: What is the cornea?)
(David: What is the retina?)

lens

DavidJim
Triple Stumper
    $800 22
"Last Dance"

Julie
    $800 14
La Dame aux Camélias (The Lady of the Camellias)

Julie
    $800 9
(David: King Olav?)
(Julie: Who is King Gustav?)
(Alex: Be more specific.)
(Julie: Who is King Gustav the First?)

Carl XVI Gustav

DavidJulie
Triple Stumper
    $800 25
Clark

Julie
    $2,000 4
(Jim: What is the marrow?)

spleen

Jim
    $800 23
The Last of the Red Hot Mamas

Julie
    $1000 15
All Quiet on the Western Front

Jim
    $1000 10
Melvin Belli

Julie
    $1000 26
(David: The borough of Manhattan?)
(Jim: What is the borough of Manhattan?)
...
(Alex: Thought he'd fake his way through that one.)
[End of round signals.]

New York County

DavidJim
Triple Stumper
    $1000 5
synapse

David
    $1000 24
(Jim: Little Gloria Lost!)
(David: Little Gloria, uh, uh, Happy at Last?)
...
(Alex: Both gentlemen forgot one of the important rules of the Double Jeopardy! round; you have to phrase it in the form of a question.)

Little Gloria...Happy at Last

DavidJim
Triple Stumper

Scores at the end of the Double Jeopardy! Round:

David Jim Julie
$1,300 $1,600 $6,200
(lock game)

[wagering suggestions for these scores]

Final Jeopardy! Round responses

THE OSCARS
DavidWho is Vivian Leigh?
$1,299
JimWho was Vivian Leigh?
$500
JulieWho is Patricia Neal?
$1,800
Vivien Leigh

Final scores:

David Jim Julie
$2,599 $2,100 $4,400
2nd place: Pulaski Ridgeway clock & Galaxy Carpet Mills carpeting 3rd place: Svend Jensen of Denmark crystal set New champion: $4,400

Game dynamics:

Coryat scores:

David Jim Julie
$1,300 $2,600 $6,000
12 R,
4 W
18 R
(including 1 DD),
5 W
(including 1 DD)
16 R
(including 1 DD),
4 W

Combined Coryat: $9,900

The J! Archive is created by fans, for fans. The Jeopardy! game show and all elements thereof, including but not limited to copyright and trademark thereto, are the property of Jeopardy Productions, Inc. and are protected under law. This website is not affiliated with, sponsored by, or operated by Jeopardy Productions, Inc. Join the discussion at JBoard.tv.